<?xml version="1.0" encoding="UTF-8"?>
<record
    xmlns:xsi="http://www.w3.org/2001/XMLSchema-instance"
    xsi:schemaLocation="http://www.loc.gov/MARC21/slim http://www.loc.gov/standards/marcxml/schema/MARC21slim.xsd"
    xmlns="http://www.loc.gov/MARC21/slim">

  <leader>02404cam a22002898a 4500</leader>
  <controlfield tag="001">13464</controlfield>
  <controlfield tag="003">BD-RjUL</controlfield>
  <controlfield tag="005">20211208235446.0</controlfield>
  <controlfield tag="008">140201s2009    nju           001 0 eng  </controlfield>
  <datafield tag="020" ind1=" " ind2=" ">
    <subfield code="a">9780470450031 (cloth)</subfield>
  </datafield>
  <datafield tag="035" ind1=" " ind2=" ">
    <subfield code="a">(BD-RjUL)13515</subfield>
  </datafield>
  <datafield tag="040" ind1=" " ind2=" ">
    <subfield code="a">DLC</subfield>
    <subfield code="c">DLC</subfield>
    <subfield code="b">eng</subfield>
    <subfield code="d">BD-RjUL</subfield>
  </datafield>
  <datafield tag="041" ind1=" " ind2=" ">
    <subfield code="a">eng</subfield>
  </datafield>
  <datafield tag="082" ind1="0" ind2="0">
    <subfield code="a">658.408</subfield>
    <subfield code="b">STB 2009</subfield>
    <subfield code="2">22</subfield>
  </datafield>
  <datafield tag="100" ind1="1" ind2=" ">
    <subfield code="a">Strong, Michael,</subfield>
    <subfield code="d">1960-</subfield>
    <subfield code="9">41994</subfield>
  </datafield>
  <datafield tag="245" ind1="1" ind2="0">
    <subfield code="a">Be the solution :</subfield>
    <subfield code="b">how entrepreneurs and conscious capitalists can solve all the world?s problems /</subfield>
    <subfield code="c">Michael Strong ; foreword by John Mackey.</subfield>
  </datafield>
  <datafield tag="260" ind1=" " ind2=" ">
    <subfield code="a">Hoboken, NJ :</subfield>
    <subfield code="b">Wiley,</subfield>
    <subfield code="c">c2009.</subfield>
  </datafield>
  <datafield tag="300" ind1=" " ind2=" ">
    <subfield code="a">xxv, 374 p. ;</subfield>
    <subfield code="c">24 cm.</subfield>
  </datafield>
  <datafield tag="504" ind1=" " ind2=" ">
    <subfield code="a">Includes index.</subfield>
  </datafield>
  <datafield tag="505" ind1="0" ind2=" ">
    <subfield code="a">The entrepreneurial spirit and how to liberate it -- Context / Michael Strong -- The entrepreneur as hero / Candace Smith -- The opportunity--the creative powers of a free civilization / Michael Strong -- Conscious capitalism -- Creating a new paradigm for business / John Mackey -- Social business entrepreneurs are the solution / Mohammad Yunus -- Business as service--doing well to do good? / Kartar Singh Khalsa -- Leveraging entrepreneurship for social change / Donna Callejon -- What do we need to do so that entrepreneurs and conscious capitalists can solve all the problems? -- What do we need to do so that entrepreneurs and conscious--capitalists can solve all environmental problems? / Michael Strong -- What do we need to do so that entrepreneurs and conscious--capitalists can eliminate global poverty? / Michael Strong -- Is economic freedom for everyone? / Hernando de Soto -- Can entrepreneurs help us improve our understanding of the world? / Michael Strong -- Liberating entrepreneurs of happiness and well-being--the creation of / Conscious Culture Through Educational Innovation / Michael Strong -- Living a life of flow -- The upward flow of human development--the five bottom lines of conscious capitalism / John Mackey and Don Beck -- Aret and the entrepreneur / Brian Johnson -- The creation of conscious cultures in support of human flourishing / Michael Strong -- Liberating the entrepreneurial spirit for good / Jeff Klein -- The flow vision for the 21st century / Michael Strong.</subfield>
  </datafield>
  <datafield tag="650" ind1=" " ind2="0">
    <subfield code="a">Entrepreneurship.</subfield>
    <subfield code="9">41995</subfield>
  </datafield>
  <datafield tag="650" ind1=" " ind2="0">
    <subfield code="a">Problem solving.</subfield>
    <subfield code="9">19627</subfield>
  </datafield>
  <datafield tag="650" ind1=" " ind2="0">
    <subfield code="a">Capitalists and financiers.</subfield>
    <subfield code="9">41996</subfield>
  </datafield>
  <datafield tag="942" ind1=" " ind2=" ">
    <subfield code="2">ddc</subfield>
    <subfield code="c">BK</subfield>
  </datafield>
  <datafield tag="999" ind1=" " ind2=" ">
    <subfield code="c">13464</subfield>
    <subfield code="d">13464</subfield>
  </datafield>
  <datafield tag="952" ind1=" " ind2=" ">
    <subfield code="0">0</subfield>
    <subfield code="1">0</subfield>
    <subfield code="2">ddc</subfield>
    <subfield code="4">0</subfield>
    <subfield code="7">1</subfield>
    <subfield code="8">NFIC</subfield>
    <subfield code="a">RUCL</subfield>
    <subfield code="b">RUCL</subfield>
    <subfield code="c">Reading</subfield>
    <subfield code="d">2013-10-06</subfield>
    <subfield code="e">Asia foundation</subfield>
    <subfield code="g">24.95</subfield>
    <subfield code="l">0</subfield>
    <subfield code="o">658.408 STB 2009</subfield>
    <subfield code="r">2014-02-01 00:00:00</subfield>
    <subfield code="t">C-1</subfield>
    <subfield code="w">2014-02-01</subfield>
    <subfield code="y">BK</subfield>
  </datafield>
  <datafield tag="952" ind1=" " ind2=" ">
    <subfield code="0">0</subfield>
    <subfield code="1">0</subfield>
    <subfield code="2">ddc</subfield>
    <subfield code="4">0</subfield>
    <subfield code="7">0</subfield>
    <subfield code="8">NFIC</subfield>
    <subfield code="a">RUCL</subfield>
    <subfield code="b">RUCL</subfield>
    <subfield code="c">Stack</subfield>
    <subfield code="d">2013-10-06</subfield>
    <subfield code="e">Asia foundation</subfield>
    <subfield code="g">24.95</subfield>
    <subfield code="l">0</subfield>
    <subfield code="o">658.408 STB 2009</subfield>
    <subfield code="r">2014-02-01 00:00:00</subfield>
    <subfield code="t">C-2</subfield>
    <subfield code="w">2014-02-01</subfield>
    <subfield code="y">BK</subfield>
  </datafield>
</record>
